[Event "Bayamo Cespedes tt"]
[Site "Bayamo"]
[Date "2018.03.04"]
[Round "6.1"]
[White "Garcia Rivero, Andy Anibal"]
[Black "Suarez Castro, Armando"]
[Result "0-1"]
[WhiteElo "1997"]
[BlackElo "2028"]
[PlyCount "82"]
[EventDate "2018.03.01"]
[EventType "team-tourn"]
[EventRounds "10"]
[EventCountry "CUB"]
[EventCategory "1"]
[SourceTitle "CBM 195 Extra"]
[Source "ChessBase"]
[SourceDate "2020.05.31"]
[SourceVersion "1"]
[SourceVersionDate "2020.05.31"]
[SourceQuality "1"]

1. d4 d5 2. Bf4 Nf6 3. e3 Bf5 4. c4 e6 5. Nc3 c6 6. Qb3 Qb6 7. c5 Qxb3 8. axb3 Nbd7 9. b4 Nh5 10. Bg5 f6 11. Bh4 g5 12. Be2 Bg6 13. Bxh5 Bxh5 14. Bg3 Be7 15. b5 Kf7 16. bxc6 bxc6 17. Nge2 e5 18. b4 Rhb8 19. Ra4 a5 20. bxa5 Ra6 21. 0-0 Rb2 22. f3 Bg6 23. Rfa1 Bd3 24. Nc1 Bc4 25. Rb1 Rc2 26. Be1 exd4 27. exd4 Bd8 28. N3a2 Bb5 29. Ra3 Rc4 30. Nb3 Ba4 31. Nb4 Bb5 32. Nxa6 Bxa6 33. Kf2 f5 34. g3 Rc2+ 35. Bd2 Bf6 36. Ke3 Nf8 37. Na1 f4+ 38. gxf4 gxf4+ 39. Kxf4 Rxd2 40. Rb6 Ng6+ 41. Ke3 Re2# 0-1